| 000 | 00475nam a2200169 4500 | ||
|---|---|---|---|
| 001 | 108817 | ||
| 003 | ES-MaACL | ||
| 005 | 20250902063102.0 | ||
| 007 | t| | ||
| 008 | 061121s1973 sp r ||||1| spa d | ||
| 100 | 1 |
_aMontoya Melgar, Alfredo _982712 |
|
| 245 | 1 | 0 |
_aDerecho del trabajo / _cAlfredo Montoya Melgar. |
| 260 |
_aMurcia : _bEstudios Sociales, _c1973. |
||
| 300 |
_a1 vol. ; _c21 cm. |
||
| 852 |
_aES-MaACL _jP-1696 _bR.84984 |
||
| 999 |
_c108817 _d108817 |
||